| Tag |
First Indicator |
Second Indicator |
Subfields |
| LEADER |
00000cam a2200000Ii 4500 |
| 001 |
in00003937521 |
| 005 |
20180501153656.0 |
| 008 |
170428t20182018nyu 000 1 eng d |
| 020 |
|
|
|a 9780765395955
|
| 020 |
|
|
|a 0765395959
|
| 035 |
|
|
|a (OCoLC)ocn985072706
|
| 040 |
|
|
|a BTCTA
|e rda
|c BTCTA
|d YDX
|d BDX
|d IEP
|d JAG
|d UtOrBLW
|
| 049 |
|
|
|a TXAM
|
| 050 |
|
4 |
|a PS3603.O4317
|b A77 2018
|
| 082 |
0 |
|
|a 813/.6
|2 23
|
| 100 |
1 |
|
|a Cole, Myke,
|e author.
|0 http://id.loc.gov/authorities/names/no2012018373
|
| 245 |
1 |
4 |
|a The armored saint /
|c Myke Cole.
|
| 250 |
|
|
|a First edition.
|
| 264 |
|
1 |
|a New York :
|b Tor,
|c [2018]
|
| 264 |
|
4 |
|c ©2018
|
| 300 |
|
|
|a 206 pages :
|b portrait ;
|c 22 cm.
|
| 336 |
|
|
|a text
|b txt
|2 rdacontent
|
| 337 |
|
|
|a unmediated
|b n
|2 rdamedia
|
| 338 |
|
|
|a volume
|b nc
|2 rdacarrier
|
| 490 |
1 |
|
|a Sacred throne trilogy
|
| 500 |
|
|
|a "A Tom Doherty Associates book."
|
| 520 |
|
|
|a In a world where any act of magic could open a portal to hell, the Order insures that no wizard will live to summon devils and will kill as many innocent people as they must to prevent that greater horror. After witnessing a horrendous slaughter, the village girl Heloise opposes the Order, and risks bringing their wrath down on herself, her family and her village.
|
| 650 |
|
0 |
|a Wizards
|v Fiction.
|0 http://id.loc.gov/authorities/subjects/sh2008113550
|
| 650 |
|
0 |
|a Magic
|v Fiction.
|0 http://id.loc.gov/authorities/subjects/sh2008107174
|
| 650 |
|
0 |
|a Resistance movements, War
|v Fiction.
|
| 800 |
1 |
|
|a Cole, Myke.
|t Sacred throne trilogy.
|
| 945 |
|
|
|b 457704
|
| 947 |
|
|
|a A14850286957
|
| 948 |
|
|
|a cataloged
|b h
|c 2018/2/28
|d c
|e dmitchel
|f 1:10:20 pm
|
| 994 |
|
|
|a 92
|b TXA
|
| 999 |
f |
f |
|s c44bebcd-5355-3fc4-9a4f-18039e542216
|i 0c5da6ff-16f5-3859-9085-a7627c11bc92
|t 0
|
| 952 |
f |
f |
|p normal
|a Texas A&M University
|b College Station
|c Sterling C. Evans Library
|d Evans: Library Stacks
|t 0
|e PS3603.O4317 A77 2018
|h Library of Congress classification
|i unmediated -- volume
|m A14850286957
|
| 998 |
f |
f |
|a PS3603.O4317 A77 2018
|t 0
|l Evans: Library Stacks
|